[Event "Varna op U12"]
[Site "Varna"]
[Date "2013.07.01"]
[Round "7"]
[White "Yordanov, Adrian Daniel"]
[Black "Vetokhin, Ilia"]
[Result "1/2-1/2"]
[WhiteElo "1576"]
[BlackElo "1588"]
[PlyCount "126"]
[EventDate "2013.06.24"]
[EventType "swiss"]
[EventRounds "9"]
[EventCountry "BUL"]
[SourceTitle "EXT 2014"]
[Source "ChessBase"]
[SourceDate "2013.11.20"]
[SourceVersion "1"]
[SourceVersionDate "2013.11.20"]
[SourceQuality "1"]

1. e4 c5 2. Nc3 d6 3. g3 Nf6 4. Bg2 e6 5. Nge2 d5 6. exd5 exd5 7. d3 Be7 8. 0-0 0-0 9. Re1 Nc6 10. Nf4 d4 11. Ncd5 Nxd5 12. Nxd5 Be6 13. Nxe7+ Qxe7 14. Bf4 Qd7 15. a3 Bd5 16. Bxd5 Qxd5 17. Qg4 Qd8 18. Re2 Re8 19. Rae1 Rxe2 20. Rxe2 Ne7 21. Bg5 h5 22. Qxh5 f6 23. Bd2 Qd5 24. Qxd5+ Nxd5 25. Kg2 Kf7 26. Kf3 b6 27. Bf4 Rd8 28. h4 Rh8 29. Re1 a6 30. Bd2 a5 31. Rb1 Rc8 32. Rc1 Rd8 33. Bf4 Nxf4 34. Kxf4 Re8 35. Kf3 Rd8 36. Re1 Rd7 37. Kf4 Rd8 38. h5 Rd5 39. g4 Rg5 40. f3 Rd5 41. Kg3 b5 42. b3 Rd6 43. f4 Rc6 44. Re4 Rc7 45. Kh4 a4 46. Re2 axb3 47. cxb3 c4 48. dxc4 bxc4 49. bxc4 Rxc4 50. Rd2 d3 51. f5 Rd4 52. a4 Ke7 53. a5 Kd7 54. a6 Kc7 55. a7 Kb7 56. a8Q+ Kxa8 57. h6 gxh6 58. Kh5 Kb7 59. Kxh6 Rxg4 60. Rxd3 Rg5 61. Rd5 Kc7 62. Ra5 Kb7 63. Kh7 Kb6 1/2-1/2

[Event "Varna op 7th"]
[Site "Varna"]
[Date "2013.06.25"]
[Round "7"]
[White "Yordanov, Adrian Daniel"]
[Black "Petrov, Vladimir Sergeev"]
[Result "0-1"]
[WhiteElo "1576"]
[BlackElo "2038"]
[PlyCount "70"]
[EventDate "2013.06.19"]
[EventType "swiss"]
[EventRounds "9"]
[EventCountry "BUL"]
[SourceTitle "CBM 155 Extra"]
[Source "ChessBase"]
[SourceDate "2013.08.26"]
[SourceVersion "1"]
[SourceVersionDate "2013.08.26"]
[SourceQuality "1"]

1. e4 c5 2. Nc3 d6 3. g3 Nc6 4. Bg2 g6 5. Nge2 Bg7 6. 0-0 e6 7. d3 Rb8 8. Be3 Nd4 9. Rb1 Ne7 10. Qd2 Nec6 11. h3 b5 12. Nd1 b4 13. f4 0-0 14. g4 Nxe2+ 15. Qxe2 Nd4 16. Qd2 f5 17. Nf2 e5 18. g5 fxe4 19. Nxe4 Nf5 20. Bf2 exf4 21. Qxf4 Be5 22. Qd2 Be6 23. a3 bxa3 24. bxa3 Qe7 25. Rfd1 Qg7 26. Kh1 Kh8 27. h4 Bd5 28. Rf1 Bc6 29. Kg1 Rb6 30. Rfd1 Nd4 31. Be3 Nf3+ 32. Bxf3 Rxf3 33. Rxb6 axb6 34. Rf1 Rxe3 35. Nxd6 Rg3+ 0-1

[Event "EU-ch U12"]
[Site "Prague"]
[Date "2012.08.25"]
[Round "9"]
[White "Kyrychenko, Mykola"]
[Black "Yordanov, Adrian Daniel"]
[Result "1-0"]
[WhiteElo "1742"]
[BlackElo "1520"]
[PlyCount "119"]
[EventDate "2012.08.17"]
[EventType "swiss"]
[EventRounds "9"]
[EventCountry "CZE"]
[SourceTitle "CBM 150 Extra"]
[Source "ChessBase"]
[SourceDate "2012.10.19"]
[SourceVersion "1"]
[SourceVersionDate "2012.10.19"]
[SourceQuality "1"]

1. e4 c5 2. Nf3 d6 3. d4 cxd4 4. Nxd4 Nf6 5. Nc3 a6 6. Be2 b5 7. a3 e6 8. 0-0 Be7 9. f4 0-0 10. Bf3 Bb7 11. e5 Nd5 12. Nxd5 Bxd5 13. Bxd5 exd5 14. e6 Qb6 15. Kh1 f5 16. Be3 Qc7 17. Qf3 Nc6 18. Qxd5 Nxd4 19. Bxd4 Qxc2 20. Rac1 Qe4 21. Qxe4 fxe4 22. Rc7 Bf6 23. Bxf6 Rxf6 24. f5 Rff8 25. g4 Rfc8 26. Rfc1 Rxc7 27. Rxc7 Kf8 28. Rf7+ Kg8 29. Rd7 Kf8 30. Rxd6 Rc8 31. Rd2 Rc4 32. h3 a5 33. Kg2 b4 34. axb4 axb4 35. Rd8+ Ke7 36. Rd7+ Kf8 37. Rf7+ Kg8 38. Rb7 Kf8 39. Kg3 e3 40. Kf3 e2 41. Kxe2 Rc2+ 42. Kd3 Rxb2 43. Kc4 Rh2 44. Rxb4 Rxh3 45. Kd5 Rd3+ 46. Ke5 Rd8 47. Rb7 Re8 48. g5 Re7 49. Rxe7 Kxe7 50. f6+ gxf6+ 51. gxf6+ Ke8 52. Kd6 h5 53. f7+ Kf8 54. Kd7 h4 55. e7+ Kxf7 56. e8Q+ Kf6 57. Qe4 h3 58. Qf4+ Kg6 59. Ke7 Kh7 60. Kf7 1-0

[Event "EU-ch U12"]
[Site "Prague"]
[Date "2012.08.20"]
[Round "4"]
[White "Yordanov, Adrian Daniel"]
[Black "Livaic, Leon"]
[Result "0-1"]
[WhiteElo "1520"]
[BlackElo "1869"]
[PlyCount "98"]
[EventDate "2012.08.17"]
[EventType "swiss"]
[EventRounds "9"]
[EventCountry "CZE"]
[SourceTitle "CBM 150 Extra"]
[Source "ChessBase"]
[SourceDate "2012.10.19"]
[SourceVersion "1"]
[SourceVersionDate "2012.10.19"]
[SourceQuality "1"]

1. e4 e6 2. d3 d5 3. Nd2 Nf6 4. Ngf3 b6 5. g3 Bb7 6. Qe2 c5 7. Bg2 Be7 8. 0-0 0-0 9. Re1 dxe4 10. dxe4 Nc6 11. Qd1 Qc7 12. Qe2 Rad8 13. Nf1 Nb4 14. a3 Ba6 15. c4 Nd3 16. Qc2 Nxe1 17. Nxe1 Nd7 18. Nf3 Nb8 19. Ne3 Nc6 20. Bd2 Nd4 21. Qd1 Nxf3+ 22. Bxf3 Qd7 23. Bc3 Qxd1+ 24. Bxd1 Bb7 25. f3 Bf6 26. Bxf6 gxf6 27. Nf1 Rd4 28. Be2 Rfd8 29. Kf2 Kg7 30. Rc1 f5 31. exf5 exf5 32. Ne3 Kf6 33. Rd1 Rxd1 34. Nxd1 Ke5 35. Ke1 f4 36. g4 Rd6 37. Kf2 h6 38. Ke1 f5 39. gxf5 Kxf5 40. Nc3 Bc6 41. Kf2 Kg5 42. Nd1 Kh4 43. Kg1 Rd2 44. Kf1 h5 45. Ke1 Rc2 46. Kf1 Kh3 47. Nf2+ Kxh2 48. Nd3 Kg3 49. Ne5 Rc1+ 0-1

[Event "EU-ch U12"]
[Site "Prague"]
[Date "2012.08.19"]
[Round "3"]
[White "Akhvlediani, Irakli"]
[Black "Yordanov, Adrian Daniel"]
[Result "0-1"]
[WhiteElo "1845"]
[BlackElo "1520"]
[PlyCount "112"]
[EventDate "2012.08.17"]
[EventType "swiss"]
[EventRounds "9"]
[EventCountry "CZE"]
[SourceTitle "CBM 150 Extra"]
[Source "ChessBase"]
[SourceDate "2012.10.19"]
[SourceVersion "1"]
[SourceVersionDate "2012.10.19"]
[SourceQuality "1"]

1. d4 c5 2. d5 e6 3. Nc3 exd5 4. Nxd5 d6 5. Nf3 Nd7 6. e4 a6 7. a4 Nb6 8. c4 Nxd5 9. exd5 Bg4 10. Be2 Nf6 11. 0-0 Be7 12. h3 Bxf3 13. Bxf3 0-0 14. a5 Re8 15. Qc2 Qc7 16. Bd2 Bf8 17. Bc3 Be7 18. Rfe1 Nd7 19. Re2 Bf6 20. Rae1 Rxe2 21. Rxe2 Bxc3 22. Qxc3 Ne5 23. Be4 Nd7 24. Bc2 Nf6 25. Ba4 h6 26. Qe1 Kf8 27. f4 Rd8 28. Kh1 Qc8 29. b4 cxb4 30. Qxb4 Qc7 31. Kh2 Nd7 32. Bxd7 Rxd7 33. Rc2 Qc5 34. Qxc5 dxc5 35. Re2 Rd6 36. Rb2 Rd7 37. f5 Ke7 38. Rb6 Kd8 39. Kg3 Kc7 40. Kf4 Rd6 41. f6 g5+ 42. Ke5 Rxb6 43. axb6+ Kd7 44. g4 a5 45. Ke4 Kd6 46. Kd3 Ke5 47. Kc3 Kxf6 48. Kb3 Ke5 49. Ka4 f5 50. gxf5 Kxf5 51. Kxa5 Ke5 52. Kb5 Kd6 53. Ka4 h5 54. Kb3 g4 55. hxg4 hxg4 56. Kc3 g3 0-1

[Event "EU-ch U12"]
[Site "Prague"]
[Date "2012.08.18"]
[Round "2"]
[White "Yordanov, Adrian Daniel"]
[Black "Parizek, Vojtech"]
[Result "1-0"]
[WhiteElo "1520"]
[BlackElo "1737"]
[PlyCount "91"]
[EventDate "2012.08.17"]
[EventType "swiss"]
[EventRounds "9"]
[EventCountry "CZE"]
[SourceTitle "CBM 150 Extra"]
[Source "ChessBase"]
[SourceDate "2012.10.19"]
[SourceVersion "1"]
[SourceVersionDate "2012.10.19"]
[SourceQuality "1"]

1. e4 c5 2. Nf3 Nc6 3. Nc3 Nf6 4. g3 d6 5. Bg2 g6 6. 0-0 Bg7 7. d3 0-0 8. Be3 Ng4 9. Bd2 Rb8 10. h3 Nge5 11. Nxe5 Nxe5 12. f4 Nc6 13. Be3 b5 14. Qd2 b4 15. Nd1 a5 16. Rb1 a4 17. Nf2 b3 18. axb3 axb3 19. c3 Ra8 20. Ra1 Be6 21. g4 Ra5 22. Qd1 Qb6 23. Qd2 Rfa8 24. Rxa5 Rxa5 25. f5 Bd7 26. Nd1 Ne5 27. g5 d5 28. fxg6 hxg6 29. Nf2 d4 30. cxd4 cxd4 31. Bf4 Rc5 32. Rc1 Qc6 33. Rxc5 Qxc5 34. Qc1 Qxc1+ 35. Bxc1 Bb5 36. Bf1 Nf3+ 37. Kg2 Ne1+ 38. Kg3 f6 39. h4 Kf7 40. Bd2 Ke6 41. Bxe1 f5 42. Bh3 Be5+ 43. Kg2 Bc6 44. Kf1 Bf4 45. Bg2 Bc1 46. exf5+ 1-0

[Event "Albena U16 op"]
[Site "Albena"]
[Date "2012.05.30"]
[Round "4"]
[White "Yordanov, Adrian Daniel"]
[Black "Zhang, Jiabao"]
[Result "0-1"]
[WhiteElo "1470"]
[BlackElo "1948"]
[PlyCount "122"]
[EventDate "2012.05.27"]
[EventType "swiss"]
[EventRounds "7"]
[EventCountry "BUL"]
[SourceTitle "EXT 2013"]
[Source "ChessBase"]
[SourceDate "2012.11.22"]
[SourceVersion "1"]
[SourceVersionDate "2012.11.22"]
[SourceQuality "1"]

1. e4 c5 2. Nc3 Nc6 3. g3 g6 4. Bg2 Bg7 5. Nge2 d6 6. 0-0 e6 7. d3 Nge7 8. Be3 0-0 9. Qd2 Nd4 10. Nd1 Rb8 11. c3 Nxe2+ 12. Qxe2 b5 13. Qd2 Bb7 14. Bh6 d5 15. Bxg7 Kxg7 16. Qe2 f6 17. Re1 d4 18. Rc1 e5 19. Qc2 Ba6 20. Qb3 c4 21. dxc4 d3 22. Rb1 bxc4 23. Qa4 Qd6 24. Ne3 Bb5 25. Qa3 Qxa3 26. bxa3 Ba6 27. Rb4 Nc6 28. Rbb1 Rfd8 29. Red1 Kf7 30. Bf1 h5 31. f3 Ke6 32. Nd5 Kd6 33. Kf2 f5 34. exf5 Kxd5 35. fxg6 Rxb1 36. Rxb1 Rg8 37. Ke3 Rxg6 38. Bg2 Kc5 39. Bh3 Rg7 40. Bf5 Rb7 41. Rxb7 Bxb7 42. Bg6 h4 43. gxh4 Ne7 44. Bh5 Nf5+ 45. Kf2 Nxh4 46. Bg4 Kd6 47. h3 Ke7 48. Ke3 Kf6 49. Kf2 Bxf3 50. Bxf3 Nxf3 51. Kxf3 e4+ 52. Kf2 Kg5 53. Ke3 Kh4 54. a4 Kxh3 55. a5 a6 56. a3 Kg3 57. a4 Kg2 58. Kd2 Kf2 59. Kd1 e3 60. Kc1 e2 61. Kb1 e1Q+ 0-1